Wszystkie miejscowości w Polsce, w których odbyły się zawody WCA. - Statystyki

Ogólne statystyki
  • Ten quiz został rozwiązany 93 razy
  • Średni wynik to 44 z 100
Statystyki odpowiedzi
Liczba zawodów Miejscowość % Poprawnych
53 Gdańsk
98%
27 Warszawa
98%
23 Lublin
95%
11 Kraków
92%
31 Poznań
91%
5 Szczecin
90%
10 Wrocław
90%
2 Gdynia
86%
10 Łódź
84%
2 Sopot
80%
10 Rzeszów
77%
4 Olsztyn
75%
2 Bydgoszcz
73%
5 Białystok
70%
4 Opole
69%
2 Skierniewice
69%
2 Koło
67%
1 Konin
65%
5 Bielsko-Biała
64%
4 Biała Podlaska
63%
3 Szczecinek
63%
2 Chorzów
59%
2 Radom
59%
5 Dębica
57%
3 Kielce
57%
8 Dąbrowa Górnicza
56%
2 Nowy Sącz
55%
1 Tomaszów Mazowiecki
55%
3 Częstochowa
52%
2 Tarnowskie Góry
52%
6 Zawiercie
52%
4 Bełżyce
50%
4 Siedlce
49%
3 Gliwice
48%
3 Kędzierzyn-Koźle
48%
2 Lubartów
48%
3 Płock
48%
1 Ciechanów
44%
2 Pszczyna
44%
5 Świdnik
44%
1 Giżycko
42%
3 Gniezno
42%
7 Grudziądz
42%
1 Kluczbork
42%
1 Sosnowiec
42%
4 Będzin
41%
3 Zamość
41%
2 Bełchatów
40%
1 Jasło
39%
1 Piła
39%
3 Rybnik
39%
1 Wisła
39%
2 Mikołajki
36%
1 Elbląg
35%
3 Pawłowice
35%
2 Szczytno
35%
4 Wadowice
35%
1 Mysłowice
34%
1 Piotrków Trybunalski
34%
1 Żmigród
34%
1 Stobierna
33%
1 Żuromin
33%
5 Jastrzębie-Zdrój
32%
2 Nowa Słupia
32%
1 Kęty
30%
4 Mielec
30%
1 Naprawa
30%
1 Bednary
28%
2 Biłgoraj
28%
1 Brzeziny
28%
2 Chojnice
28%
3 Byczyna
27%
1 Olesno
27%
1 Świdnica
27%
2 Łuków
26%
2 Reda
26%
1 Żyrardów
26%
1 Jarosław
25%
3 Pabianice
25%
1 Radomsko
25%
2 Rumia
25%
1 Dobrzeń Wielki
24%
1 Sieradz
24%
1 Korzenna
23%
4 Kraśnik
23%
1 Pilzno
22%
7 Starogard Gdanski
22%
3 Świerklany
22%
1 Gorlice
20%
2 Domaniewice
19%
3 Kaliska
19%
1 Środa Wielkopolska
19%
1 Serokomla
18%
1 Frydman
16%
1 Przeźmierowo
16%
1 Wodzisław Śląski
16%
1 Wojciechów
16%
1 Stalowa Wola
15%
1 Sucha Beskidzka
15%
1 Człuchów
14%
Nie znaleziono quizów pasujących do podanych kryteriów
Rozkład punktacji
Procent ludzi z każdym wynikiem
Percentyl według liczby udzielonych odpowiedzi
Twoja historia wyników
Nie rozwiązałeś tego quizu